| 000 | 01460nam a22002417a 4500 | ||
|---|---|---|---|
| 005 | 20081117123210.0 | ||
| 008 | 081117t xxu||||| |||| 00| 0 hin d | ||
| 010 | _aHIN-85030 | ||
| 020 |
_c130.00 _a9788178124483 |
||
| 035 | _aHN-57376 | ||
| 037 | _bDBAD / PUB | ||
| 040 |
_aDPL _bHN |
||
| 082 | _a000 | ||
| 245 |
_aआर.गुप्ता कृत पॉपुलर मास्टर गाइड एल.आई.सी असिस्टेंट : _bअसिस्टेंट(क्लर्क)/असिस्टेंट(टाइपिस्ट)/स्टेनोपरीक्षा / |
||
| 246 | _aR.Gupta krita popular master guide LIC - Assistant | ||
| 260 |
_aनई दिल्ली _bरमेश पब्लिशिंग हाऊस _c2009 |
||
| 270 |
_a12-H,न्यू दरियागंज रोड़ ट्रैफिक कोतवाली के सामने _bनई दिल्ली _e110002 _k011-23261567, 23275224 _minfo@rameshpublishinghouse.com |
||
| 300 |
_aवि.पृ. _c22सेमी (अजिल्द) |
||
| 650 |
_aसामान्य ज्ञान _xपरीक्षायें _xअध्ययन गाइड |
||
| 650 |
_aGeneral knowledge _xExaminations _xStudy guides |
||
| 942 |
_2ddc _cHN _mआरगु _h000 |
||
| 999 |
_c18574 _d18574 |
||